000 01216cam a2200301 i 4500
001 3823157
003 EG-ScBUE
005 20250310090936.0
008 860311s1987 enka f b 001 0 eng d
020 _a0521267447 (hbk.)
020 _a0521318459 (pbk.)
040 _aDLC
_beng
_erda
_cDLC
_dDLC
_dEG-ScBUE
082 0 4 _a530.12
_222
_bHEY
100 1 _aHey, Anthony J. G.,
_eauthor.
_97679
245 1 4 _aThe Quantum Universe /
_cTony Hey, Physics Department, Southampton University, Patrick Walters, Adult and Continuing Education Department, University College of Swansea.
264 1 _aCambridge :
_bCambridge University Press,
_c1987.
300 _avii, 180 pages :
_billustrations (some color) ;
_c27 cm
336 _2rdacontent
_atext
_btxt
337 _aunmediated
_2rdamedia
_bn
338 _avolume
_bnc
_2rdacarrier
504 _aIncludes bibliographical references and index.
650 7 _aQuantum theory.
_2BUEsh
_97680
655 _vReading book
700 1 _aWalters, Patrick,
_d1949-
_eauthor.
_97681
856 4 2 _3Publisher description
_uhttp://www.loc.gov/catdir/description/cam023/86006830.html
856 4 1 _3Table of contents
_uhttp://www.loc.gov/catdir/toc/cam028/86006830.html
942 _2ddc
_cBB
999 _c12231
_d12231